000 00348nam a2200133Ia 4500
008 230411s9999 xx 000 0 und d
041 _aeng
082 _aC/004/SUH/B04996
100 _aSuhail Ahmed
245 _aComputer Education for Nurses
260 _bFrontline Publications
_aHyderabad
_c2006
300 _a230p
999 _c155537
_d155537